[Event "Sautron op 19th"]
[Site "Sautron"]
[Date "2019.10.19"]
[Round "4.19"]
[White "Camus, Harold"]
[Black "Davy, Bruno"]
[Result "1-0"]
[WhiteElo "1642"]
[BlackElo "1852"]
[PlyCount "45"]
[EventDate "2019.12.10"]
[EventType "swiss"]
[EventRounds "9"]
[EventCountry "FRA"]
[SourceTitle "EXT 2022"]
[Source "ChessBase"]
[SourceDate "2021.10.06"]
[SourceVersion "1"]
[SourceVersionDate "2021.10.06"]
[SourceQuality "1"]

1. e4 d6 2. d4 Nf6 3. Nc3 c6 4. Nf3 Nbd7 5. Bd3 e5 6. dxe5 dxe5 7. 0-0 Bc5 8. a3 a6 9. b4 Be7 10. Bb2 Qc7 11. Re1 0-0 12. Qd2 Rd8 13. h3 b5 14. Ne2 Bb7 15. Ng3 c5 16. c4 bxc4 17. Bxc4 cxb4 18. Qc2 Rac8 19. Rec1 Qb8 20. axb4 h6 21. Qb3 Nxe4 22. Bxf7+ Kh8 23. Rxc8 1-0

[Event "Gorges op 28th"]
[Site "Gorges"]
[Date "2018.07.07"]
[Round "2"]
[White "Camus, Harold"]
[Black "Bourdeaux, Gabin"]
[Result "0-1"]
[WhiteElo "1599"]
[BlackElo "1894"]
[PlyCount "160"]
[EventDate "2018.07.07"]
[EventType "swiss"]
[EventRounds "5"]
[EventCountry "FRA"]
[SourceTitle "EXT 2020"]
[Source "ChessBase"]
[SourceDate "2019.10.17"]
[SourceVersion "1"]
[SourceVersionDate "2019.10.17"]
[SourceQuality "1"]

1. e4 c5 2. Nf3 e6 3. d4 cxd4 4. Nxd4 Nc6 5. Nc3 Qc7 6. Be3 a6 7. a3 Nf6 8. Be2 b5 9. 0-0 Bb7 10. Nxc6 Bxc6 11. Bf3 Be7 12. Qd3 0-0 13. Rfd1 Rfd8 14. h3 Rac8 15. Rac1 Ba8 16. Ne2 d5 17. exd5 Nxd5 18. Nd4 Nxe3 19. Qxe3 Bc5 20. Bxa8 Rxa8 21. b4 Ba7 22. Qe4 Bxd4 23. Rxd4 Rac8 24. Rcd1 Rxd4 25. Qxd4 h6 26. Rd2 Qc3 27. Qd7 Rf8 28. Qd3 Rc8 29. Qd7 Rc4 30. Qd8+ Kh7 31. Qd3+ g6 32. Qxc3 Rxc3 33. Rd3 Rxd3 34. cxd3 Kg7 35. f4 g5 36. fxg5 hxg5 37. Kf2 Kf6 38. Ke3 Ke5 39. g3 f5 40. h4 Kf6 41. h5 g4 42. d4 Kg5 43. h6 Kxh6 44. Kf4 Kg6 45. Ke5 Kg5 46. Kxe6 f4 47. gxf4+ Kxf4 48. d5 g3 49. d6 g2 50. d7 g1Q 51. d8Q Qg6+ 52. Kd7 Qd3+ 53. Kc7 Qxa3 54. Qh4+ Ke5 55. Qg5+ Kd4 56. Qc5+ Kd3 57. Qf5+ Kc3 58. Qc5+ Kb3 59. Qd6 Qxb4 60. Qxa6 Qc4+ 61. Kb7 b4 62. Qh6 Ka3 63. Qd2 b3 64. Qe3 Ka2 65. Qa7+ Kb1 66. Qg1+ Qc1 67. Qg6+ Ka2 68. Qe6 Qc2 69. Qa6+ Kb1 70. Qf1+ Qc1 71. Qf5+ Ka2 72. Qe6 Qa3 73. Qf5 Qe7+ 74. Ka6 Qe3 75. Qa5+ Kb1 76. Qa3 Qe2+ 77. Ka5 Qa2 78. Kb4 Qxa3+ 79. Kxa3 b2 80. Kb3 Kc1 0-1

[Event "Gorges op 28th"]
[Site "Gorges"]
[Date "2018.07.07"]
[Round "3"]
[White "Camus, Harold"]
[Black "Godebert, Florian"]
[Result "0-1"]
[WhiteElo "1599"]
[BlackElo "1901"]
[PlyCount "58"]
[EventDate "2018.07.07"]
[EventType "swiss"]
[EventRounds "5"]
[EventCountry "FRA"]
[SourceTitle "EXT 2020"]
[Source "ChessBase"]
[SourceDate "2019.10.17"]
[SourceVersion "1"]
[SourceVersionDate "2019.10.17"]
[SourceQuality "1"]

1. e4 c5 2. Nf3 e6 3. d4 cxd4 4. Nxd4 a6 5. Be3 Nf6 6. Nd2 Qc7 7. Bd3 Nc6 8. 0-0 h5 9. a3 Ng4 10. N2f3 Bd6 11. h3 Nxe3 12. fxe3 Ne5 13. Qe2 b6 14. Ng5 f6 15. Ngf3 Bb7 16. b4 Ke7 17. Rac1 Qc3 18. Ra1 g5 19. Rfb1 g4 20. Nxe5 Bxe5 21. hxg4 hxg4 22. Kf2 f5 23. Rh1 g3+ 24. Kf3 fxe4+ 25. Bxe4 Raf8+ 26. Kg4 Rhg8+ 27. Kh5 Bxe4 28. Raf1 Rh8+ 29. Kg5 Rfg8# 0-1